000 01171cam a22002657a 4500
999 _c7837
_d7837
001 2920631
003 GBCCL
005 20241126110637.0
008 881220s1988 enk 000 0 eng
010 _a 88213347
020 _a0851118208
020 _a0802804195 (Eerdmans)
040 _aDLC
_cDLC
_dDLC
050 0 0 _aMLCS 91/06092 (B)
082 _a225.7
_bTYN
100 1 _aMorris, Leon,
_d1914-2006.
_94795
245 1 0 _aLuke :
_ban introduction and commentary /
_cby Leon Morris.
260 _aLeicester, England :
_bInter-Varsity Press ;
_c1974.
300 _a350p. ;
_c20 cm.
440 4 _aThe Tyndale New Testament commentaries ;
_v3
_913694
505 _av.1 Matthew.-- v.2 Mark.-- v.3 Luke.-- v.4 John.-- v.5 Acts.-- v.6 Romans.-- v.7 I Corinthians.-- v.8 II Corinthians.-- v.9 Galatians.-- v.10 Ephesians.-- v.11 Philippians.-- v.12 Colossians and Philemon.-- v.13 I,II Thessalonians.-- v.14 Pastoral Epistles.-- v.15 Hebrews.-- v.16 James.-- v.17 I Peter.-- v.18 II Peter, Jude.-- v.19 I, II,III John.-- v.20 Revelation.
906 _a7
_bcbc
_corignew
_d3
_encip
_f19
_gy-gencatlg
942 _2ddc
_cBK
_02